Gilmore Girls Name Quiz - Statistics

General Stats
  • This quiz has been taken 226 times
  • The average score is 6 of 10
Answer Stats
Question Answer % Correct
Independence Inn harp player Drella
100%
What was Kurk’s name the first time he met Lorelai? Mick
90%
What was the name of the episode that Rory and Dean break up for the final time before he starts with Lindsey? They Shoot Gilmore’s, Don’t They?
62%
What was the name of the episode that Jess claims he got a black eye from a swan? Swan Song
59%
What was the name of the material that the Cheshire Cat Inn had in its floral wallpaper? Foil
56%
What was the name of the color that April suggests for Luke’s apartment? Cerulean
54%
Town citizen that, according to Lorelai, protested Jello Town Loner
54%
What was the name of the country that Rory always guesses for Al’s International Grab Bag Night? Moroccan
51%
What was the name of Miss. Patty’s old time friend that she mentions after Rory and Dean get “randomly” shanghaied into the room? Betty
33%
Jungle Gym Monitor Taylor
21%
No matching quizzes found
Score Distribution
Percent of People with Each Score
Percentile by Number Answered
Your Score History
You have not taken this quiz